00726nam a22002177a 450000500170000001000130001702000220003003500130005203700160006504000120008108200130009310000360010624501080014226000360025027000870028630000210037350000410039465000440043565000130047970000160049220170124105931.0 aA-792838 c00.00a8171548326 aA-792838 bCen Lib/Ret aDPLbEN a230bJOS aJoshi, Tarkeerath Laxmanshastri aCritique of Hinduisim and other religions /cby Tarkeerath Laxmanshastri Joshi; translated by Suman Oak aBombaybPopular Prakashanc1996 a35-C, Pandit Madan Mohan Malaviya Marg Popular Press Bldg., TardeobBombaye400034 axvi;205p. c21cm aIncludes bibliographical references. a Hinduism -- Controversial literature.  aHinduism aOak, Suman